<?xml version="1.0" encoding="UTF-8"?>
<collection xmlns="http://www.loc.gov/MARC21/slim">
 <record>
  <leader>00612nam a22002055a 4500</leader>
  <controlfield tag="001">EHU.bham028844</controlfield>
  <controlfield tag="003">AR-BHAM</controlfield>
  <controlfield tag="005">20060928172020.0</controlfield>
  <controlfield tag="008">130507s2003##################000#0#####d</controlfield>
  <datafield tag="082" ind1="2" ind2="0">
   <subfield code="a">209</subfield>
  </datafield>
  <datafield tag="100" ind1="1" ind2=" ">
   <subfield code="a">Viciano, Albert</subfield>
  </datafield>
  <datafield tag="245" ind1="1" ind2="0">
   <subfield code="a">Cristianizacion del imperio romano :</subfield>
   <subfield code="b">origenes de europa /</subfield>
   <subfield code="c">Albert Viciano</subfield>
  </datafield>
  <datafield tag="260" ind1=" " ind2=" ">
   <subfield code="a">Murcia :</subfield>
   <subfield code="b">Fundacion Universitaria San Antonio,</subfield>
   <subfield code="c">2003</subfield>
  </datafield>
  <datafield tag="300" ind1=" " ind2=" ">
   <subfield code="a">442 p.</subfield>
  </datafield>
  <datafield tag="653" ind1=" " ind2=" ">
   <subfield code="a">Imperio romano</subfield>
  </datafield>
  <datafield tag="653" ind1=" " ind2=" ">
   <subfield code="a">Roma</subfield>
  </datafield>
  <datafield tag="653" ind1=" " ind2=" ">
   <subfield code="a">Cristianismo</subfield>
  </datafield>
  <datafield tag="653" ind1=" " ind2=" ">
   <subfield code="a">Cristianismo-historia del</subfield>
  </datafield>
  <datafield tag="653" ind1=" " ind2=" ">
   <subfield code="a">Europa</subfield>
  </datafield>
  <datafield tag="859" ind1=" " ind2=" ">
   <subfield code="a">AR-BHAM</subfield>
   <subfield code="b">BIB. HUMANIDADES - General</subfield>
   <subfield code="h">209</subfield>
   <subfield code="i">V663</subfield>
   <subfield code="p">37.06</subfield>
   <subfield code="t">Ej.1</subfield>
  </datafield>
 </record>
</collection>
